000 00417cam a22001454a 4500
020 _a1576833410 (pbk.)
040 _cDLC
082 0 0 _a242 NAV 2003 C153 Or.
100 1 _aSandin, Fran Caffey,
245 1 0 _aTouching the clouds :
_bencouraging stories to make your faith soar /
260 _aColorado Springs, Colo. :
_bNavPress,
_cc2003.
300 _a189 p. ;
_c22 cm.
650 0 _aChristian life.
942 _cAEDBB
999 _c18870
_d18870